000 01464cam a2200373 a 4500
001 17455370
003 OSt
005 20230919110134.0
006 m |o d |
007 cr_|||||||||||
008 120907s2013 enk ob 001 0 eng
010 _a 2012036602
020 _z9781444333275 (cloth : alk. paper)
020 _z 9780141047167
040 _aDLC
_beng
_cDLC
_dDLC
042 _apcc
050 0 0 _aPN41
082 0 0 _a803
_bCUD/D
100 1 _aCuddon, J. A.
_q(John Anthony),
_d1928-1996
_95498
245 1 2 _aA dictionary of literary terms and literary theory
_h /
_cJ.A. Cuddon.
250 _a5th ed.
260 _aChichester, West Sussex, UK :
_bWiley-Blackwell, A John Wiley & Sons, Ltd., Publication,
_c2013.
300 _a784 p
504 _aIncludes bibliographical references and index.
588 _aDescription based on print version record and CIP data provided by publisher.
650 0 _aCriticism
_vTerminology.
650 0 _aLiterature
_vTerminology.
650 0 _aEnglish language
_vTerms and phrases.
650 0 _aLiterary form
_vTerminology.
776 0 8 _iPrint version:
_aCuddon, J. A. (John Anthony), 1928-1996.
_tDictionary of literary terms and literary theory
_b5th ed.
_dHoboken, N.J. : John Wiley & Sons, 2013
_z9781444333275
_w(DLC) 2012035085
906 _a7
_bcbc
_corigcop
_d1
_eecip
_f20
_gy-gencatlg
942 _2ddc
_cBK
_h803
_iCUD/D
_k803
_mCUD/D
999 _c42172
_d42172